Countries of the Arab League - Statistics

General Stats
  • This quiz has been taken 139 times
  • The average score is 23 of 29
Answers on the Map
Answers color-coded by a green-red scale on the quiz's map according to % correct below.
 
Answer Stats
Answer % Correct
Egypt
96%
Saudi Arabia
96%
Oman
95%
Qatar
95%
United Arab Emirates
95%
Yemen
95%
Algeria
93%
Libya
93%
Morocco
93%
Somalia
93%
Syria
93%
Tunisia
93%
Bahrain
92%
Iraq
92%
Jordan
92%
Kuwait
92%
Lebanon
92%
Sudan
90%
Mauritania
89%
Djibouti
87%
Chad
81%
Comoros
77%
Palestine
77%
Eritrea
74%
India
37%
Armenia
34%
Brazil
21%
Venezuela
21%
Greece
18%
No matching quizzes found
Score Distribution
Percent of People with Each Score
Percentile by Number Answered
Your Score History
You have not taken this quiz